[Event "MCR mladeze 2019 - H12"]
[Site "Kouty nad Desnou"]
[Date "2019.03.12"]
[Round "5"]
[White "Hladky, Tadeas"]
[Black "Pressler, Tobias"]
[Result "1/2-1/2"]
[WhiteElo "1700"]
[BlackElo "1509"]
[EventDate "2019.03.09"]

1. e4 e5  2. Nf3  Nf6  3. Nxe5
d6  4. Nf3  Nxe4
5. d4  d5  6. Bd3
Bd6  7. O-O  O-O
8. h3  c6  9. Nbd2
Re8  10. b3  Nd7
11. Bb2  Nf8  12. c4
Ng6  13. cxd5  cxd5
14. Re1  f5  15. Bf1
Bb4  16. a3  Ba5
17. b4  Bb6  18. Nb3
Bc7  19. Nc5  b6
20. Nd3  Ba6  21. Nde5
Bxf1  22. Rxf1  Qd6
23. Rc1  Ne7  24. b5
Rac8  25. Nc6  Bb8
26. Nxb8  Qxb8  27. Ne5
Rxc1  28. Qxc1  Rc8
29. Qe3  Rc2  30. Nd3
f4  31. Qf3  Nd2
32. Qd1  Rxb2  33. Nxb2
Nxf1  34. Kxf1  Qd6
35. Qb3  Qc7  36. Nd3
Kh8  37. Nb4  Qc1+
38. Ke2  Nf5  39. Qxd5
Qb2+  40. Kd1  g6
41. Qa8+  Kg7  42. Qxa7+
Kh6  43. Qxb6  Nxd4
44. Qd8  Qe2+  45. Kc1
Qe1+  46. Kb2  Qd2+
47. Kb1  Qd1+  48. Kb2
Qb3+  49. Ka1  Qxa3+
50. Na2  Nxb5  51. Qh4+
Kg7  52. Qxf4  Qc5
53. Qb4  Qe5+  54. Qb2
Nd4  55. Nc3  Kh6
56. Qd2+  g5  57. Qb2
Qe6  58. Kb1  Qe1+
59. Ka2  Qe6+  60. Kb1
Qa6  61. f3  Qd3+
62. Ka2  Qc4+  63. Kb1
Nb3  64. Kc2  Nd4+
65. Kb1  Kh5  66. Ne4
Qd3+  67. Ka2  Qc4+ 1/2-1/2

[Event "MCR mladeze 2019 - H12"]
[Site "Kouty nad Desnou"]
[Date "2019.03.12"]
[Round "5"]
[White "Fizer, Marek"]
[Black "Day, Tobias"]
[Result "1/2-1/2"]
[WhiteElo "1628"]
[BlackElo "1440"]
[EventDate "2019.03.09"]

1. e4  c5  2. Nf3  d6
3. d4  cxd4  4. Nxd4
Nf6  5. Nc3  a6
6. Bg5  Nbd7  7. Qd2  Qc7
8. O-O-O  b5  9. Nd5
Nxd5  10. exd5  Bb7
11. Re1  Ne5  12. f4
Ng6  13. f5  Ne5
14. Bf4  O-O-O  15. Re3
Kb8  16. Rc3  Qd7
17. Rg1  g6  18. Nc6+
Bxc6  19. dxc6  Nxc6
20. Qd5  Ne5  21. Bxe5
dxe5  22. Qxe5+  Qd6
23. Qxd6+  Rxd6  24. Bd3
Bg7  25. Rb3  Ka7
26. Re1  Rd7  27. Be4
gxf5  28. Bxf5  e6
29. Be4  f5  30. Rd3
Rhd8  31. Rxd7+  Rxd7
32. Bd3  Rd6  33. b3
Kb6  34. g4  Bh6+
35. Kb2  fxg4  36. Bxh7
Bg7+  37. Kb1  e5
38. Bf5  Rd2  39. Bxg4
Rxh2  40. Rg1  Bh8
41. Bf3  Rf2  42. Be4
Rf4  43. Re1  Kc5
44. Kb2  Bf6  45. Kc3
b4+  46. Kd3  a5
47. Rg1  Kb5  48. Rg8
Be7  49. Rb8+  Kc5
50. Ra8  Kb6  51. Rb8+
Ka6  52. Re8  Bf6
1/2-1/2

[Event "MCR mladeze 2019 - H12"]
[Site "Kouty nad Desnou"]
[Date "2019.03.12"]
[Round "5"]
[White "Tajovsky, Simon"]
[Black "Buchta, Bartolomej"]
[Result "1/2-1/2"]
[WhiteElo "1453"]
[BlackElo "1648"]
[EventDate "2019.03.09"]

1. d4  Nf6  2. c4  e6
3. Nc3  Bb4  4. Nf3
b6  5. g3  Bb7
6. Bg2  Ne4  7. Qc2  f5
8. O-O  Bxc3  9. bxc3
c5  10. Ne1  Qc7
11. Nd3  cxd4  12. cxd4
d5  13. c5  bxc5
14. Nxc5  Nxc5  15. dxc5
O-O  16. Bf4  e5
17. Bd2  Na6  18. Rab1
Rac8  19. Bb4  Nxb4
20. Rxb4  e4  21. e3
Ba6  22. Rc1  Bd3
23. Qb2  Rb8  24. Bf1
Bxf1 25. Kxf1  Rxb4  26. Qxb4
Rb8  27. Qd4  Qc6
28. Kg2  Re8  29. Rd1
Rd8  1/2-1/2

[Event "MCR mladeze 2019 - H12"]
[Site "Kouty nad Desnou"]
[Date "2019.03.12"]
[Round "5"]
[White "Prazak, Daniel"]
[Black "Kopecky, Matej"]
[Result "1-0"]
[WhiteElo "1547"]
[BlackElo "1321"]
[EventDate "2019.03.09"]

1. e4  c6  2. d4  d5
3. exd5  cxd5  4. c4
Nf6  5. Nc3  e6
6. Nf3  Be7  7. cxd5  Nxd5
8. Bd3  O-O  9. O-O
h6  10. a3  Nf6
11. Bc2  Nbd7  12. Qd3  Re8
13. Bd2  Nf8  14. Ne5
Bd6  15. f4  b6
16. h3  Bb7  17. Rae1  Rc8
18. Re3  Bxe5  19. fxe5
N6d7  20. Rg3  Qh4
21. Rg4  Qe7  22. Bxh6
g6  23. Bg5  f6
24. exf6  Qf7  25. Ne4  Rc6
26. Ba4  Rd8  27. Bxc6
Bxc6  28. Nd6  Qh7 1-0

[Event "MCR mladeze 2019 - H12"]
[Site "Kouty nad Desnou"]
[Date "2019.03.12"]
[Round "5"]
[White "Soucek, Jan"]
[Black "Matusik, Ondrej"]
[Result "1/2-1/2"]
[WhiteElo "1573"]
[BlackElo "1417"]
[EventDate "2019.03.09"]

1. e4  c5  2. Nf3  Nc6
3. d4  cxd4  4. Nxd4
Nf6  5. Nc3  e6
6. Ndb5  Bb4  7. a3  Bxc3+
8. Nxc3  O-O  9. Qd6
Qa5  10. Bd2  Qb6
11. Bd3  e5  12. Na4
Qd4  13. Qxd4  Nxd4
14. Bb4  Re8  15. c4
b6  16. f3  Ba6
17. Kf2  h6  18. Ke3  Rad8
19. Bd6  Re6  20. Bxe5
Rxe5  21. Kxd4  Re6
22. Rhd1  d6  23. Rd2
Re7  24. Rad1  Red7
25. Ke3  Rc8  26. b3
Re8  27. Kf2  Bb7
28. Bc2  Red8  29. e5
dxe5  30. Rxd7  Rxd7
31. Rxd7  Nxd7  32. Bf5
Nf6  33. c5  bxc5
34. Nxc5  Bd5  35. b4
Bc4  36. a4  Nd5
37. b5  Nb6  38. Ke1
Kf8  39. Kd2  Ke7
40. Kc3  Bf1  41. g4
1/2-1/2

[Event "MCR mladeze 2019 - H12"]
[Site "Kouty nad Desnou"]
[Date "2019.03.12"]
[Round "5"]
[White "Dolensky, Filip"]
[Black "Kanak, Matyas"]
[Result "1-0"]
[WhiteElo "1698"]
[BlackElo "1425"]
[EventDate "2019.03.09"]

1. e4  c5  2. Nc3  e6
3. f4  d5  4. Bb5+
Nc6  5. Bxc6+  bxc6
6. e5  Rb8  7. Nf3
Ba6  8. d3  Be7
9. O-O  Nh6  10. Qe1  Nf5
11. Qf2  O-O  12. Rd1
Qc7  13. h3  Rfd8
14. g4  Nd4  15. Nxd4
cxd4  16. Qxd4  c5
17. Qf2  Bb7  18. Re1
d4  19. Ne4  Bxe4
20. Rxe4  c4  21. Re2
c3  22. b3  a5
23. a4  Rd5  24. Re4  Bf8
25. Kh2  Qd7  26. g5
g6  27. h4  Bg7
28. h5  Qa7  29. Qh4  Qd7
30. Kg3  Bf8  31. Qg4
Bg7  32. Re2  Qb7
33. hxg6  hxg6  34. Qh4
Kf8  35. Qh7  Qa8
36. Ba3+  Rb4  37. Bxb4+
axb4  38. Re4  Qa7
39. Ree1  Qa5  40. Qh1
Ke8  41. Qh7  Kf8
42. Re2  Rd7  43. Rh1
Rd8  44. Rh6  Qc7
45. Kg4  Qa5  46. Reh2
Qa8  47. Kg3  Qa5
48. R6h3  Qa8  49. Qh4
Qa5  50. Qg4  Ke7
51. Qf3  Qa6  52. Qe4
Rd5  53. Rh7  Kf8
54. Rf2  Kg8  55. Rxg7+
Kxg7  56. f5  gxf5
57. Rxf5  Qa5  58. Rxf7+
Kxf7  59. Qh7+  Ke8
60. Qg6+  Kf8  61. Qf6+
Ke8  62. Qxe6+  Kd8
63. Qf6+  Kc7  64. Kf4
Qc5  65. g6  Rd8
66. g7  Kb8  67. Qxd8+
1-0

[Event "MCR mladeze 2019 - H12"]
[Site "Kouty nad Desnou"]
[Date "2019.03.12"]
[Round "5"]
[White "Vilimek, Vit"]
[Black "Simunek, Jakub Simon"]
[Result "1-0"]
[WhiteElo "1469"]
[BlackElo "1529"]
[EventDate "2019.03.09"]

1. e4  e6  2. Nf3  d5
3. e5  c5  4. b4
cxb4  5. d4  Nc6
6. a3  Bd7  7. axb4
Bxb4+  8. c3  Be7
9. Bd3  b5  10. O-O
b4  11. Kh1  Qb6
12. cxb4  Nxb4  13. Nc3
Nxd3  14. Qxd3  Rc8
15. Bd2  Nh6  16. Rfb1
Qc7  17. Nb5  Bxb5
18. Qxb5+  Kf8  19. Qb7
Qxb7  20. Rxb7  f6
21. Raxa7  Ng8  22. Ra6
Kf7  23. Rbb6  g5
24. exf6  Bxf6  25. Nxg5+
Bxg5  26. Bxg5  Rc4
27. Rxe6  Rxd4  28. g3
Rd1+  29. Kg2  d4
30. Red6  Ne7  31. Rf6+
Kg7  32. Rfe6  Re8
33. Rxe7+  Rxe7  34. Bxe7
d3  35. Bg5  d2
36. Rd6  Kf7  37. Bxd2  Ke7
38. Bb4  Rxd6  39. Bxd6+
Kxd6  40. Kh3  Ke5
41. Kg4  Kf6  42. Kh5
Kg7  43. f4  Kh8
44. Kh6  Kg8  45. f5
Kh8  46. f6  1-0

[Event "MCR mladeze 2019 - H14"]
[Site "Kouty nad Desnou"]
[Date "2019.03.12"]
[Round "5"]
[White "Jun, Rudolf"]
[Black "Babula, Vlastimil"]
[Result "1/2-1/2"]
[WhiteElo "2033"]
[BlackElo "2040"]
[EventDate "2019.03.09"]

1. e4  c5  2. Nf3  Nc6
3. c4  e5  4. d3
d6  5. Nc3  g6
6. Be3  Bg7  7. h4  Bg4
8. Be2  Qd7  9. Qd2
f5  10. Qd1  Nf6
11. Nd5  Rb8  12. Nxf6+
Bxf6  13. Rc1  b5
14. cxb5  Rxb5  15. b3
Rb8  16. Ng1  Bxe2
17. Qxe2  Nb4  18. a3
Nc6  19. b4  cxb4
20. axb4  Nxb4  21. exf5
Qxf5  22. Rd1  O-O
23. g4  Qe6  24. g5
Bg7  25. h5  e4
26. dxe4  Qxe4  27. Rh3  Rbe8
28. Kf1  Nc2  29. Bxa7
Qa4  30. Qd3  Qxa7
31. Qxc2  Rc8  1/2-1/2

[Event "MCR mladeze 2019 - H14"]
[Site "Kouty nad Desnou"]
[Date "2019.03.12"]
[Round "5"]
[White "Kusa, Jakub"]
[Black "Hrbek, Stepan"]
[Result "1/2-1/2"]
[WhiteElo "1912"]
[BlackElo "1994"]
[EventDate "2019.03.09"]

1. e4  c5  2. Nf3  d6
3. Nc3  Nf6  4. e5
dxe5  5. Nxe5  Nbd7
6. Nc4  g6  7. Be2
Bg7  8. O-O  O-O
9. d3  Nb6  10. Be3
Nxc4  11. dxc4  Qa5
12. Bd3  Bg4  13. Qd2
Rfd8  14. h3  Be6
15. Qe2  b6  16. Nb5
Rac8  17. Bd2  Qa4
18. Bc3  Ne8  19. b3
Qa6  20. Bxg7  Nxg7
21. Nc3  Qb7  22. Be4
Qb8  23. Nd5  Bxd5
24. Bxd5  e6  25. Bf3
Rd7  26. Rad1  Rcd8
27. g3  Qc7  28. Kg2
Nf5  29. c3  Rxd1
30. Rxd1  Rxd1  31. Qxd1
Kg7  32. Qd3  Kf6
33. Be4  Kg7  1/2-1/2

[Event "MCR mladeze 2019 - H14"]
[Site "Kouty nad Desnou"]
[Date "2019.03.12"]
[Round "5"]
[White "Neumann, Filip"]
[Black "Mach, Petr"]
[Result "1-0"]
[WhiteElo "1897"]
[BlackElo "1974"]
[EventDate "2019.03.09"]

1. e4  e5  2. Nf3  Nc6
3. Bb5  a6  4. Ba4
Nge7  5. O-O  g6
6. Re1  Bg7  7. d3
O-O  8. Nbd2  d6
9. Nf1  Kh8  10. Ng3
f5  11. exf5  Nxf5
12. Bg5  Bf6  13. Bxf6+
Qxf6  14. Qd2  Nxg3
15. fxg3  Bg4  16. Rf1
Qg7  17. c3  Bf5
18. Rf2  d5  19. Raf1
Ne7  20. Qe2  e4
21. dxe4  dxe4  22. Nd2
b5  23. Bb3  Rae8
24. g4  e3  25. Qxe3
Nc6  26. Qc5  Ne5
27. gxf5  Nd3  28. Qc6
Nxf2  29. Rxf2  Re1+
30. Nf1  gxf5  31. Qxa6
Qe5  32. Qh6  Re8
33. Bf7  Rd8  34. Qg5
Rxf1+  35. Rxf1  Qc5+
36. Kh1  1-0

[Event "MCR mladeze 2019 - H14"]
[Site "Kouty nad Desnou"]
[Date "2019.03.12"]
[Round "5"]
[White "Petricek, Lukas"]
[Black "Stalmach, Richard"]
[Result "1/2-1/2"]
[WhiteElo "1879"]
[BlackElo "2117"]
[EventDate "2019.03.09"]

1. e4  c5  2. c3  d5
3. exd5  Qxd5  4. d4
Nf6  5. Nf3  Bg4
6. Be2  e6  7. O-O
Nc6  8. h3  Bh5
9. Be3  cxd4  10. cxd4  Bd6
11. Nc3  Qa5  12. a3
O-O  13. Qb3  Ne7
14. Rac1  Ned5  15. g4
Bg6  16. Nd2  h5
17. Nc4  Qd8  18. Nxd5
Nxd5  19. Nxd6  Qxd6
20. Bf3  hxg4  21. hxg4
b6  22. Rfe1  f5
23. Bg5  Rae8  24. Re5
Nf6  25. gxf5  Qxd4
26. Rce1  Ng4  27. Bxg4
Qxg4+  28. Qg3  Qxg3+
29. fxg3  Bxf5  30. Rc1
Kh7  31. Ree1  Kg6
32. Bf4  Rc8  1/2-1/2

[Event "MCR mladeze 2019 - H14"]
[Site "Kouty nad Desnou"]
[Date "2019.03.12"]
[Round "5"]
[White "Vojta, Jakub"]
[Black "Nezval, Filip"]
[Result "1-0"]
[WhiteElo "2125"]
[BlackElo "1847"]
[EventDate "2019.03.09"]

1. e4  c6  2. d4  d5
3. exd5  cxd5  4. Bd3
Nc6  5. c3  Qc7
6. Ne2  Bg4  7. f3  Bd7
8. O-O  e5  9. Re1
Bd6  10. dxe5  Nxe5
11. f4  Nxd3  12. Qxd3
Ne7  13. Nd4  O-O
14. Be3  Rfe8  15. g3
a6  16. Nd2  b5
17. a3  Qb7  18. N2f3  a5
19. b4  g6  20. Nh4
Nc8  21. f5  Be5
22. fxg6  fxg6  23. Nxg6
hxg6  24. Qxg6+  Kh8
25. Bg5  Qb6  26. Qxb6
Nxb6  27. Rxe5  Rxe5
28. Bf6+  Kg8  29. Bxe5
axb4  30. cxb4  Nc4
31. Bf4  Rxa3  32. Rxa3
Nxa3  33. Kf2  Kf7
34. Kf3  Nb1  35. Bc1
Nc3  36. Kf4  Ne4
37. Ke5  Nf6  38. Kd6
Kg6  39. Bf4  Bf5
40. Nxf5  Kxf5  41. Kc5
Ke4  42. Kxb5  d4
43. Kc5  Nd7+  44. Kc4
Nb6+  45. Kb3  Nd5
46. Bc1  Kd3  47. h4
Ke4  48. g4  Ne3
49. g5  Kf5  50. Bxe3
1-0

[Event "MCR mladeze 2019 - H14"]
[Site "Kouty nad Desnou"]
[Date "2019.03.12"]
[Round "5"]
[White "Frank, Adam"]
[Black "Prochazka, Vojtech"]
[Result "1/2-1/2"]
[WhiteElo "2087"]
[BlackElo "1686"]
[EventDate "2019.03.09"]

1. e4  e5  2. Nf3  Nc6
3. Bb5  Bc5  4. c3
Nf6  5. d4  Bb6
6. Nxe5  O-O  7. Nd2  Re8
8. Nd3  Nxe4  9. O-O
d5  10. Nxe4  dxe4
11. Ne5  Qf6  12. Be3
a6  13. Ba4  Rd8
14. Bxc6  bxc6  15. Qh5
Qe6  16. f3  f6
17. Ng4  exf3  18. Nh6+  gxh6
19. Rxf3  Bd7  20. Qxh6
Qe7  21. Raf1  Re8
22. Bf2  Qf8  23. Qh4
f5  24. Be3  Re4
25. Bf4  Rae8  26. Qh5
R8e6  27. Rh3  Qf7
28. Qxf7+  Kxf7  29. Rxh7+
Ke8  30. Rh8+  Kf7
31. Rh7+  Ke8  32. Rh8+
1/2-1/2

[Event "MCR mladeze 2019 - H14"]
[Site "Kouty nad Desnou"]
[Date "2019.03.12"]
[Round "5"]
[White "Jares, Michal"]
[Black "Dudek, Vojtech"]
[Result "1-0"]
[WhiteElo "1950"]
[BlackElo "2025"]
[EventDate "2019.03.09"]

1. d4  Nf6  2. c4  c5
3. d5  b5  4. cxb5
a6  5. b6  g6
6. Nc3  Bg7  7. e4  d6
8. a4  a5  9. Bb5+
Nfd7  10. f4  Qxb6
11. Nf3  Ba6  12. Qe2
O-O  13. O-O  Bxb5
14. axb5  Qb7  15. e5
Nb6  16. Rd1  dxe5
17. fxe5  Rd8  18. e6
Nxd5  19. exf7+  Kh8
20. Qe4  Rd6  21. Rxd5
1-0

[Event "MCR mladeze 2019 - H14"]
[Site "Kouty nad Desnou"]
[Date "2019.03.12"]
[Round "5"]
[White "Nguyen, Thai Dai Vinh"]
[Black "Vantuch, Lucian"]
[Result "1/2-1/2"]
[WhiteElo "1936"]
[BlackElo "1978"]
[EventDate "2019.03.09"]

1. e4  c5  2. Nf3  e6
3. g3  d5  4. exd5
exd5  5. d4  Nf6
6. Bg2  cxd4  7. O-O
Be7  8. Nxd4  O-O
9. h3  Nc6  10. Be3
Nxd4  11. Bxd4  Be6
12. Nc3  Qd7  13. Kh2
Rfd8  14. Qd2  Ne4
15. Qe3  Nxc3  16. Qxc3
Rac8  17. Qd2  Bc5
18. c3  Bxd4  19. Qxd4
b6  20. Rfd1  Rc4
21. Qe5  d4  22. Bf1
Rc5  23. Qe4  Rd5
24. Bc4  Rd6  25. Bxe6
Qxe6  26. Qxe6  fxe6
27. Rxd4  Rxd4  28. cxd4
Rxd4  1/2-1/2

[Event "MCR mladeze 2019 - H14"]
[Site "Kouty nad Desnou"]
[Date "2019.03.12"]
[Round "5"]
[White "Gnojek, Petr"]
[Black "Vylicil, Adam"]
[Result "1-0"]
[WhiteElo "2147"]
[BlackElo "1468"]
[EventDate "2019.03.09"]

1. d4  c5  2. d5  e5
3. e4  d6  4. Nc3
a6  5. a4  Be7
6. Nf3  f5  7. exf5  Bxf5
8. Bd3  Bg4  9. Ne4
Nd7  10. h3  Bh5
11. g4  Bf7  12. Neg5
Nh6  13. Nxf7  Nxf7
14. Nd2  g6  15. Ne4
Nf6  16. c4  Nxe4
17. Bxe4  Bg5  18. O-O
Bxc1  19. Qxc1  Qh4
20. Bg2  Ng5  21. Ra3
O-O-O  22. b4  h5
23. gxh5  Rxh5  24. bxc5
e4  25. Qe3  Nf3+
26. Bxf3  exf3  27. Qxf3
Rg5+  28. Kh2  Rh8
29. cxd6  Rf5  30. Qe3
Rf6  31. Rb3  Rhf8
32. Qc5+  1-0

[Event "MCR mladeze 2019 - H14"]
[Site "Kouty nad Desnou"]
[Date "2019.03.12"]
[Round "5"]
[White "Skypala, Ondrej"]
[Black "Hlavina, Matous"]
[Result "1/2-1/2"]
[WhiteElo "2013"]
[BlackElo "1985"]
[EventDate "2019.03.09"]

1. c4  Nf6  2. Nc3  d5
3. cxd5  Nxd5  4. Nf3
g6  5. g3  Bg7
6. Bg2  Nb6  7. O-O  Nc6
8. d3  O-O  9. Be3
e5  10. Rc1  Nd4
11. Qd2  Nf5  12. Bxb6
axb6  13. b4  Nd4
14. h4  h6  15. Rfd1
Be6  16. Nh2  c6
17. Ra1  Kh7  18. Rdb1
Qd7  19. e3  Nf5
20. a4  Rfd8  21. Bf1
Nd6  22. Qc2  Qc7
23. Bg2  Ne8  24. Nf3
Qd7  25. Bf1  Bf5
26. Ne4  Bg4  27. Nfd2
Be6  28. Nc4  Bxc4
29. Qxc4  f5  30. Nd2
Nd6  31. Qb3  Qe7
32. Ra2  Ra7  33. Be2
e4  34. d4  Bf8
35. Kg2  h5  36. Qd1  Qf7
37. Qc2  Qe7  38. Nb3
Rda8  39. Nc1  Ne8
40. Bd1  Nf6  41. Qd2
b5  42. a5  Nd5
43. Rab2  Rd8  44. Na2  Kg7
45. Nc3  Nc7  46. Na2
Nd5  47. Nc3  Nc7
48. Bc2  Raa8  49. Rd1
Na6  50. Na2  1/2-1/2

[Event "MCR mladeze 2019 - H14"]
[Site "Kouty nad Desnou"]
[Date "2019.03.12"]
[Round "5"]
[White "Flajsman, Petr"]
[Black "Rokos, Filip"]
[Result "1/2-1/2"]
[WhiteElo "1826"]
[BlackElo "1848"]
[EventDate "2019.03.09"]

1. e4  e6  2. d4  d5
3. e5  c5  4. c3 Nc6
5. Nf3  Bd7  6. Be2
Nge7  7. a3  c4
8. O-O  Qb6  9. Nbd2  Na5
10. Rb1  Nb3  11. Bxc4 Nxc1
12. Qxc1  Ng6  13. Bb3
Rc8  14. g3  Be7
15. Qd1  O-O  16. Ba4
Bb5  17. Bxb5  Qxb5
18. Qb3  Qd7  19. Rbc1
Rc6  20. Qa4  Qc7
21. Rc2  a6  22. Rfc1
Rc8  23. Qb3  b5
24. h4  Nf8  25. Nf1
Nd7  26. Re2  Nb6
27. Ne3  Nc4  28. Kg2
Rb8  29. Qc2  h6
30. g4  g6  31. Kh3
1/2-1/2

[Event "MCR mladeze 2019 - H14"]
[Site "Kouty nad Desnou"]
[Date "2019.03.12"]
[Round "5"]
[White "Sedy, Matej"]
[Black "Ret, Adam Josef"]
[Result "0-1"]
[WhiteElo "1367"]
[BlackElo "1888"]
[EventDate "2019.03.09"]

1. e4  d6  2. d4  Nf6
3. Nc3  e5  4. Nf3
Nbd7  5. Bc4  Be7
6. Be3  O-O  7. Qd2
c6  8. Bb3  b5
9. a3  a5  10. Qe2  Ba6
11. Na2  Nxe4  12. a4
d5  13. axb5  Bxb5
14. c4  a4  15. Nc3
Nxc3  16. bxc3  axb3
17. Rxa8  Qxa8  18. cxb5
Rb8  19. O-O  e4
20. Nd2  Rxb5  21. c4
Rb7  22. c5  Bf6
23. Rb1  Qa4  24. Qd1
Bxd4  25. Nxb3  Bxe3
26. fxe3  Qa2  27. Nd2
Rxb1  28. Nxb1  Nxc5
29. Nc3  Qa5  30. Qc1
Nd3  31. Qc2  Qc5
32. Qd2  Qa3  33. Na2
Qb3  34. Nc3  Qb2
35. Qxb2  Nxb2  36. Kf2
Kf8  37. Kg3  Ke7
38. Kf4  Ke6  39. Ne2
c5  40. h3  Nd1
41. h4  Nb2  42. Nc3  Nd3+
43. Kg5  Ke5  44. Kg4
d4  45. exd4+  cxd4
46. Ne2  Nb2  47. Kg3
d3  48. Nc3  d2
49. Kf2  Kd4  50. Nb5+  Kc5
51. Nc3  Kc4  52. Nd1
Nxd1+  53. Ke2  e3
54. g3  Nc3+  55. Kxe3
d1=Q 0-1

[Event "MCR mladeze 2019 - H16"]
[Site "Kouty nad Desnou"]
[Date "2019.03.12"]
[Round "5"]
[White "Mica, Marek"]
[Black "Volak, Simon"]
[Result "1-0"]
[WhiteElo "2240"]
[BlackElo "1843"]
[EventDate "2019.03.09"]

1. d4  Nf6  2. c4  e6
3. Nf3  b6  4. g3
Ba6  5. b3  Bb4+
6. Bd2  Be7  7. Bg2
c6  8. Bc3  d5
9. Nbd2  Nbd7  10. O-O  O-O
11. Re1  c5  12. e4
Nxe4  13. Nxe4  dxe4
14. Rxe4  Bb7  15. Re3
cxd4  16. Bxd4  Bf6
17. Rd3  Qc7  18. Bxf6
Nxf6  19. Nd4  Bxg2
20. Kxg2  a6  21. Qe2
Rad8  22. Rad1  Rd7
23. Nf3  Rfd8  24. Rxd7
Rxd7  25. Rxd7  Qxd7
26. c5  bxc5  27. Qxa6
g6  28. a4  Qd5
29. a5  Nd7  30. Qb5  g5
31. h3  h5  32. Qc4
Qxc4  33. bxc4  f6
34. Nd2  f5  35. a6
Kf7  36. a7  Nb6
37. Nb3  Ke7  38. Nxc5
Kd6  39. Nd3  Na8
40. h4  gxh4  41. gxh4
e5  42. Nc1  Kc5
43. Ne2  Kb6  44. Ng3
Kxa7  45. Nxh5  Nb6
46. Ng7  Nxc4  47. Nxf5
Nb6  48. Kf3  Kb7
49. Ke4  Nd7  50. Nd6+
Kc7  51. Nf7  Nf8
52. Nxe5  Kd6  53. Kf5
Ne6  54. h5  Ke7
55. h6  Nd4+  56. Kg6
Ne6  57. h7  Nf8+
58. Kh6  Nxh7  59. Kxh7
Kf6  60. Nd3  1-0

[Event "MCR mladeze 2019 - H16"]
[Site "Kouty nad Desnou"]
[Date "2019.03.12"]
[Round "5"]
[White "Krizek, Krystof"]
[Black "Nemec, David"]
[Result "1-0"]
[WhiteElo "1804"]
[BlackElo "1895"]
[EventDate "2019.03.09"]

1. e4  c5  2. Nf3  Nc6
3. Bb5  g6  4. Bxc6
dxc6  5. h3  Bg7
6. Nc3  Nf6  7. d3
O-O  8. Be3  b6
9. Qd2  Re8  10. O-O-O  a5
11. Na4  Ba6  12. Ng5
Qc7  13. f4  Bb5
14. Nc3  c4  15. e5
Nd5  16. Nxd5  cxd5
17. dxc4  Bxc4  18. b3
Bxb3  19. axb3  Rec8
20. Bd4  a4  21. b4
Qc4  22. Kb1  a3
23. c3  a2+  24. Ka1
Ra3  25. Rc1  Rca8
26. Rc2  Qb3  27. Rb2
Qc4  28. Qe2  Qc6
29. Rc1  h6  30. Nf3
f6  31. Rcc2  1-0

[Event "MCR mladeze 2019 - H16"]
[Site "Kouty nad Desnou"]
[Date "2019.03.12"]
[Round "5"]
[White "Szotkowski, David"]
[Black "Martirosyan, Ara"]
[Result "1/2-1/2"]
[WhiteElo "1709"]
[BlackElo "1885"]
[EventDate "2019.03.09"]

1. d4  Nf6  2. c4  e6
3. g3  d5  4. Bg2
Be7  5. Nf3  O-O
6. O-O  c5  7. cxd5
Nxd5  8. Nc3  Nxc3
9. bxc3  Nc6  10. Bf4
Qa5  11. Qb3  cxd4
12. cxd4  Qb4  13. Qd3
Rd8  14. a3  Qa5
15. Qc4  Qd5  16. Qxd5
1/2-1/2

[Event "MCR mladeze 2019 - H16"]
[Site "Kouty nad Desnou"]
[Date "2019.03.12"]
[Round "5"]
[White "Pavlicek, Lukas"]
[Black "Kucera, Tomas"]
[Result "1/2-1/2"]
[WhiteElo "2003"]
[BlackElo "1904"]
[EventDate "2019.03.09"]

1. c4  c5  2. Nc3  Nc6
3. Nf3  g6  4. e3
Nf6  5. d4  cxd4
6. exd4  d5  7. cxd5
Nxd5  8. Qb3  Nxc3
9. Bc4  Nd5  10. Bxd5
e6  11. Bxc6+  bxc6
12. O-O  Qd5  13. Be3
Bg7  14. Rfc1  O-O
15. Rc5  Qxb3  16. axb3
Rb8  17. Ra3  Rd8
18. Rxa7  Rxb3  19. Rxc6
Bb7  20. Rc7  Rb8
21. Ne5  Rxb2  22. h3
Bxe5  23. dxe5  h5
24. Bc5  Bd5  25. Rxf7
R2b7  26. Raxb7  Rxb7
27. Rf6  Kg7  28. Kh2
Rc7  29. Be3  Rc4
30. f3  Rc3  31. Bd2
Rc2  32. Bb4  Re2
33. Bd6  Rd2  34. Rf4
Rc2  35. Kg1  Rc4 36. Rf8 Rc6
37. Rb8  Rc1+  38. Kh2
Rc2 1/2-1/2

[Event "MCR mladeze 2019 - H16"]
[Site "Kouty nad Desnou"]
[Date "2019.03.12"]
[Round "5"]
[White "Fojt, Petr"]
[Black "Hofman, Krystof"]
[Result "1-0"]
[WhiteElo "2058"]
[BlackElo "2012"]
[EventDate "2019.03.09"]

1. d4  Nf6  2. c4  g6
3. Nc3  Bg7  4. e4
d6  5. Bd3  O-O
6. Nge2  e5  7. d5  Nbd7
8. O-O  a5  9. a3
Nc5  10. Bc2  Ne8
11. Rb1  f5  12. exf5
Bxf5  13. b4  axb4
14. axb4  Nd7  15. Ng3
Qh4  16. Nge4  h6
17. Qe2  Nef6  18. f3
Nxe4  19. Nxe4  Bxe4
20. Bxe4  Qf6  21. Be3
Ra3  22. c5  Rb8
23. Ra1  Rb3  24. Rfb1
Rxb1+  25. Rxb1  Bf8
26. c6  bxc6  27. dxc6
Nb6  28. Bxb6  Rxb6
29. b5  h5  30. Ra1
Qf4  31. g3  Qg5
32. Kg2  Rb8  33. Ra7
Qe7  34. Bxg6  h4
35. Qc4+  Kg7  36. Qg4
hxg3  37. hxg3  Kf6
38. Bd3  e4  39. Bxe4
d5  40. Qg6+  1-0

[Event "MCR mladeze 2019 - H16"]
[Site "Kouty nad Desnou"]
[Date "2019.03.12"]
[Round "5"]
[White "Stinka, Jakub"]
[Black "Placer, Sebastian"]
[Result "1/2-1/2"]
[WhiteElo "2196"]
[BlackElo "1947"]
[EventDate "2019.03.09"]

1. e4  c6  2. d4  d5
3. e5  Bf5  4. Be3
e6  5. Nd2  Nd7
6. c3  c5  7. f4  Qb6
8. Qc1  cxd4  9. Bxd4
Bc5  10. Ngf3  Ne7
11. Nb3  Bxd4  12. Nfxd4
Bg6  13. Bb5  Nc6
14. a4  a6  15. a5
Qc7  16. Be2  Nxd4
17. Nxd4  Nc5  18. O-O
Bd3  19. Bxd3  Nxd3
20. Qe3  Nxb2  21. f5
Nc4  22. Qg5  Qxe5
23. Rae1  Qf6  24. Qxf6 gxf6
25. fxe6  fxe6  26. Rxe6+
Kd7  27. Rf5  Rac8
28. Rxd5+  Kc7  29. Rxf6
Kb8  30. Rf7  Rhf8
31. Rxf8  Rxf8  32. Nf3
Ne3  33. Re5  Nc4
34. Rh5  Rf7  35. Kf2
Nd6  36. Ke2  Ne4
37. Kd3  Nf6  38. Rf5
Rd7+  39. Nd4  Rd6
40. c4  Nd7  41. Rd5
Kc7  42. Rxd6  Kxd6
43. Nb3  Ke5  44. Ke3
b6  45. axb6  Nxb6
46. Na5  Na4  47. Nc6+
Kd6  48. Na5  Kc5
49. Kd3  Nb2+  50. Kc3
Nd1+  51. Kd2  Nb2
52. Kc3  Nd1+  53. Kd2
Nb2  54. Kc3  Nd1+
1/2-1/2